| 000 | 00410nam a2200169Ia 4500 | ||
|---|---|---|---|
| 008 | 230524s9999 xx 000 0 und d | ||
| 082 |
_a621.3821 _bGUP |
||
| 100 | _aS.L.Gupta | ||
| 245 | 0 | _aHand Book of Electronics | |
| 250 | _a30TH | ||
| 260 |
_aNEW DELHI _bPragati _c2003 |
||
| 300 | _aXII;1315 | ||
| 500 | _aQuantity Number: 1 | ||
| 650 | _aElectronics | ||
| 700 |
_a Dr.V.Kumar _910192 |
||
| 942 | _cBK | ||
| 999 |
_c14119 _d14119 |
||